Elektronický systém pre testovanie študentov/pracovníkov bakalárska práca
Uložené v:
| Hlavný autor: | |
|---|---|
| Korporativný autor: | |
| Ďalší autori: | |
| Médium: | Kniha |
| Jazyk: | Slovak |
| Vydavateľské údaje: |
Bratislava
2018
|
| Tagy: |
Žiadne tagy, Buďte prvý, kto otaguje tento záznam!
|
MARC
| LEADER | 00000nbm a2200000 4500 | ||
|---|---|---|---|
| 001 | 0245330 | ||
| 005 | 20181015110343.8 | ||
| 041 | 0 | |a slo | |
| 044 | |a SK | ||
| 245 | 1 | 0 | |a Elektronický systém pre testovanie študentov/pracovníkov |b bakalárska práca |c Miroslav Killinger ; školiteľ: Pavol Sojka |
| 264 | 1 | |a Bratislava |c 2018 | |
| 300 | |a 49 s. | ||
| 100 | 1 | |a Killinger, Miroslav | |
| 700 | 1 | |a Sojka, Pavol, 1978- | |
| 710 | 2 | |a Fakulta hospodárskej informatiky EU. Katedra aplikovanej informatiky | |